L'Escola Nova Catalana : 1900-1939 : Objectius constants i problemàtica / pròleg i tria de textos de Josep González-Agápito 1900-1939 :
Descripción Física:
LXXI, 329 p. ; 19'5 cm
Colección:
Textos pedagògics ; 32
Otros Autores:
González-Agàpito, Josep, 1946-
Materias:
Educació -- Catalunya -- 1900/1939
MARC
| LEADER | 00000nam a2200000Ia 4500 | ||
|---|---|---|---|
| 001 | 9934 | ||
| 008 | 160829s1992 xx 000 0 cat d | ||
| 080 | |a E-1-149 | ||
| 245 | |a L'Escola Nova Catalana : |b 1900-1939 : |b Objectius constants i problemàtica / pròleg i tria de textos de Josep González-Agápito | ||
| 260 | |a Vic : |b Eumo ; Barcelona : |b Diputació de Barcelona, |c 1992 | ||
| 300 | |a LXXI, 329 p. ; |c 19'5 cm | ||
| 490 | |a Textos pedagògics ; 32 | ||
| 650 | |a Educació |x Catalunya |x 1900/1939 |9 27880 | ||
| 700 | 1 | |a González-Agàpito, Josep, |d 1946- |e autor del pròleg, editor literari |9 27540 | |
| 710 | 1 | |a Barcelona (Catalunya : Província). |b Diputació |9 52408 | |
| 901 | |a Arxiu | ||
| 942 | |n 1 |2 udc | ||
| 952 | |0 0 |1 0 |4 0 |6 E1149 |7 1 |9 44581 |a Arxiu |b Arxiu |d 2016-12-01 |l 0 |o E-1-149 |p 9934 |r 2016-12-01 00:00:00 |w 2016-12-01 |y ARXIU | ||
| 999 | |c 47162 |d 47162 | ||